00489nam a2200157 a 450000100100000000500170001000800410002704000250006808200180009310000420011124500590015326000490021230000200026165000240028165000260030500001713720200929165030.0100318s1944 dr 000 p spa d aDO-SdBNPbspacBNPHU a861.44bP348c1 aPaz y Mateos, Alberto de,d1915-1967.10aCanto en cinco variaciones /cAlberto de Paz y Mateos. a[Santo Domingo] :bEdiciones Saudade,c1944. a34 p. ;c19 cm. 4aPoesía española 4aLiteratura española